Główni bohaterowie z lektur - Statystyki

Ogólne statystyki
  • Ten quiz został rozwiązany 354 razy
  • Średni wynik to 3 z 13
Statystyki odpowiedzi
Lektura Postać % Poprawnych
Kordian Kordian
87%
Lalka Stanisław Wokulski
72%
Krzyżacy Zbyszko z Bogdańca
41%
Potop Andrzej Kmicic
34%
Władca pierścieni Frodo Baggins
34%
Zbrodnia i kara Raskolnikov
18%
Skąpiec Harpagon
16%
Kamienie na szaniec Alek, Rudy, Zośka
14%
Ostatnie życzenie Geralt z Rivii
12%
Granica Zenon Ziembiewicz
10%
Tajemniczy ogród Mary Lennox
6%
Jądro ciemności Charlie Marlow
2%
Nie Boska komedia Pankracy i Hrabia Henryk
0%
Nie znaleziono quizów pasujących do podanych kryteriów
Rozkład punktacji
Procent ludzi z każdym wynikiem
Percentyl według liczby udzielonych odpowiedzi
Twoja historia wyników
Nie rozwiązałeś tego quizu